[Event "Milan Crespi op-B 28th"]
[Site "Milan"]
[Date "2007.12.08"]
[Round "4"]
[White "Fizzotti, Mario"]
[Black "Gatta, Luca"]
[Result "0-1"]
[WhiteElo "1843"]
[BlackElo "1578"]
[PlyCount "74"]
[EventDate "2007.12.06"]
[EventType "swiss"]
[EventRounds "6"]
[EventCountry "ITA"]
[SourceTitle "EXT 2009"]
[Source "ChessBase"]
[SourceDate "2008.11.26"]
[SourceVersion "1"]
[SourceVersionDate "2008.11.26"]
[SourceQuality "1"]

1. c4 e6 2. Nc3 d5 3. e3 Nf6 4. Nf3 Bd6 5. g3 c6 6. cxd5 exd5 7. Bg2 Bf5 8. d3 h6 9. 0-0 0-0 10. b3 Na6 11. Nh4 Bh7 12. e4 dxe4 13. dxe4 g5 14. Nf5 Bxf5 15. exf5 Be5 16. Bb2 Qxd1 17. Nxd1 Bxb2 18. Nxb2 Rfe8 19. Rfe1 Nb4 20. a3 Nc2 21. Rxe8+ Rxe8 22. Ra2 Nd4 23. Nc4 Re1+ 24. Bf1 Nxb3 25. Rb2 Nc5 26. Na5 Nfe4 27. f3 Nd6 28. Rd2 Nxf5 29. Rd8+ Kg7 30. Kf2 Ra1 31. g4 Nh4 32. Ra8 Rxa3 33. Rxa7 Rxf3+ 34. Ke2 Rf4 35. Nxb7 Nxb7 36. Rxb7 Rxg4 37. Bh3 Ra4 0-1

[Event "Milan Crespi op-B 28th"]
[Site "Milan"]
[Date "2007.12.07"]
[Round "3"]
[White "Gatta, Luca"]
[Black "Villalba, Fernando"]
[Result "1/2-1/2"]
[WhiteElo "1578"]
[BlackElo "1891"]
[PlyCount "93"]
[EventDate "2007.12.06"]
[EventType "swiss"]
[EventRounds "6"]
[EventCountry "ITA"]
[SourceTitle "EXT 2009"]
[Source "ChessBase"]
[SourceDate "2008.11.26"]
[SourceVersion "1"]
[SourceVersionDate "2008.11.26"]
[SourceQuality "1"]

1. d4 d5 2. c3 Nf6 3. Bf4 c6 4. e3 e6 5. Bd3 Bd6 6. Bxd6 Qxd6 7. Nd2 0-0 8. e4 e5 9. dxe5 Qxe5 10. Ngf3 Qh5 11. 0-0 dxe4 12. Nxe4 Nxe4 13. Bxe4 Bg4 14. h3 Be6 15. Nd4 Qxd1 16. Rfxd1 Bc4 17. b3 Ba6 18. Nc2 g6 19. Rd6 Re8 20. Bf3 Kf8 21. c4 b5 22. cxb5 Bxb5 23. Nd4 Ba6 24. Nxc6 Nxc6 25. Bxc6 Red8 26. Rad1 Rxd6 27. Rxd6 Rc8 28. Bd5 Bb5 29. Rf6 Rc7 30. a4 Bd3 31. Rc6 Rxc6 32. Bxc6 Ke7 33. b4 Kd6 34. b5 Kc5 35. g4 a6 36. Be8 axb5 37. axb5 f6 38. Kg2 Bxb5 39. Bxb5 Kxb5 40. Kf3 Kc5 41. Ke4 Kd6 42. f4 h6 43. f5 g5 44. Kd4 Kc6 45. Kc4 Kd6 46. Kb5 Kd5 47. Kb6 1/2-1/2